000 00397nam a2200133Ia 4500
005 20260326100030.0
008 260326s9999||||xx |||||||||||||| ||und||
100 _aTéllez Castañeda, Germán
245 0 _aCasa Colonial :
_b Arquitectura doméstica NeoGranadina /
_cGermán Téllez Castañeda
260 _bVillegas Editores
300 _a197 p.
650 _aARQUITECTURA RESIDENCIAL
942 _cBK
999 _c6552
_d6552